|
|
แสดงรายละเอียดบรรณานุกรม |
|
|
Brief Record
: Get Marc (ISO 2709)
: E-mail record
: |
|
|
|
| LEADER 00000nam 2200000uu 4500 | |||
| 001 209954 | |||
| 003 ULIBM | |||
| 008 140611s2557||||th 000 0 tha d | |||
| 020 ^a9786162794056 | |||
| 041 0 ^atha | |||
| 060 4 ^aQY450 พ125ก 2557 | |||
| 100 0 ^aพงศ์ธารา วิจิตเวชไพศาล | |||
| 245 10 ^aการวิเคราะห์ก๊าซในเลือด =^bTraditional & alternative approaches/^cพงศ์ธารา วิจิตเวชไพศาล. | |||
| 246 31 ^aTraditional & alternative approaches | |||
| 250 ^aพิมพ์ครั้งที่ 4 | |||
| 260 ^aกรุงเทพฯ : ^bโครงการตำรา-ศิริราช สังกัดงานวิชาการ สำนักงานอธิบดี,^c2557. | |||
| 300 ^axx,324 หน้า ;^bภาพประกอบสี | |||
| 650 4 ^aก๊าซในเลือด,การวิเคราะห์ | |||
| 710 2 ^aมหาวิทยาลัยมหิดล. คณะแพทยศาสตร์ศิริราชพยาบาล ภาควิชาวิสัญญีวิทยา. | |||
| 999 ^aใช้งานได้ทุกระบบ | |||
| คุณยังไม่ได้ล็อกอิน คุณสามารถมีกิจกรรมร่วมกับเว็บไซต์ได้ แต่ต้องล็อกอินก่อน :: |
|
| สถานะ | |||||||||
| 1. | วิทยาศาสตร์สุขภาพ | QY450 พ125ก 2557 ฉ.6 | ถูกยืม กำหนดส่งวันที่ จอง | ||||||
| 2. | วิทยาศาสตร์สุขภาพ สถานะ=หนังสือเก่า - บริการ ณ ห้องสมุด (ห้องเหลือง) | QY450 พ125ก 2557 | On Shelf ขอยืม | ||||||
| Note:บริจาค | |||||||||
| 3. | วิทยาศาสตร์สุขภาพ สถานะ=หนังสือเก่า - บริการ ณ ห้องสมุด (ห้องเหลือง) | QY450 พ125ก 2557 ฉ.2 | On Shelf ขอยืม | ||||||
| Note:บริจาค | |||||||||
| 4. | วิทยาศาสตร์สุขภาพ สถานะ=หนังสือเก่า - บริการ ณ ห้องสมุด (ห้องเหลือง) | QY450 พ125ก 2557 ฉ.3 | On Shelf ขอยืม | ||||||
| Note:บริจาค | |||||||||
| 5. | วิทยาศาสตร์สุขภาพ สถานะ=หนังสือเก่า - บริการ ณ ห้องสมุด (ห้องเหลือง) | QY450 พ125ก 2557 ฉ.4 | On Shelf ขอยืม | ||||||
| Note:บริจาค | |||||||||
| 6. | วิทยาศาสตร์สุขภาพ สถานะ=หนังสือเก่า - บริการ ณ ห้องสมุด (ห้องเหลือง) | QY450 พ125ก 2557 ฉ.5 | On Shelf ขอยืม | ||||||
| Note:บริจาค | |||||||||
| [แสดง 6/6 รายการ] | |||||||||
| รายการใกล้เคียง ผู้แต่ง [พงศ์ธารา วิจิตเวชไพศาล] |
BibComment |
| คอมเมนท์ทรัพยากรรายการนี้ |
|
|